000 00308nam a22001457a 4500
008 210531b ||||| |||| 00| 0 eng d
020 _a9780195448559
041 _aeng
080 _28th
_a91
082 _a91
100 _a42
101 _aGJEO
245 _aHuman Geography
_cNorton,W
942 _2udc
_cBK
999 _c57833
_d57833